• 首页
  • 本馆介绍
  • 公告通知
  • 最新文献
  • 馆藏检索
  • 电子资源
  • 读者导购
  • 参考咨询
  • 我的图书馆
  • 登录
  • 详细信息显示
  • 放入我的书架
  • 预约/预借图书
  • 作者相关作品
  • 分类相关作品
  • 丛书相关作品
  • 出版社相关作品

书目信息

  • 表格格式
  • 工作单格式
  • 卡片格式
题名:
中国百科年鉴
    
 
作者: ;中国大百科全书出版社 编
分册: 1981  
出版信息: 北京   中国大百科全书出版社  1981.7
页数: 609页
开本: 26cm
丛书名:
单 册:
中图分类: Z52
科图分类: 94.2
主题词:
电子资源:
ISBN: 17197·1002
000 00877nam0 2200253 450
001 0105515712
005 20121221154608.0
010    @a17197·1002@dCNY8.40
091    @a17197·1002@b精装@dCNY8.40
100    @a20021005d1981 em y0chiy0110 ea
101 0  @achi
102    @aCN@b110000
105    @aa igz 000yy
106    @ar
200 1  @a中国百科年鉴@9Zhong Guo Bai;Bo Ke Nian Jian @h1981@b专著@f中国大百科全书出版社《中国百科年鉴》编辑部编
210    @a北京@c中国大百科全书出版社@d1981.7
215    @a609页@c照片@d26cm
540 1  @a中国百科年鉴@9zhong guo bai ke nian jian
607    @a中国@z1981@j年鉴
690    @aZ52@v3
692    @a94.2@v2
711 02 @a中国大百科全书出版社@b中国百科年鉴编辑部@9zhong guo da bai ke quan shu chu ban she zhong guo bai ke nian jian bian ji bu@4编
801  0 @aCN@bAiZhiMarc@c19910417
905    @dZ52@e10:1981@f1@sZ52/10:1981@S@Z
    
    中国百科年鉴.1981/中国大百科全书出版社《中国百科年鉴》编辑部编.-北京:中国大百科全书出版社,1981.7
    609页:照片;26cm
    
    
    ISBN 17197·1002:CNY8.40
    
●
相关链接 在五车中查询图书 在当当中查询图书 在豆瓣中查询图书


正题名:中国百科年鉴     索取号:Z52/10:1981         预约/预借

序号 登录号 条形码 馆藏地/架位号 状态 备注
1 2001061280   2001061280   样本书库/样008架B面1层2列/ [索取号:Z52/10:1981] 在馆    
山东省滨州职业学院图书馆 欢迎您!
大连网信软件有限公司© 版权所有